000 00464nam a2200133Ia 4500
008 230917s9999||||xx |||||||||||||| ||und||
040 _e90713
_aMAIN
041 _aEnglish
082 _a615.842 T953M
100 _aTyagi, Praveen
245 0 _aMeasurement (norms) of mean sonar values of different growth parameters in normal Indian foetuses in last trimester of pregnancy correlated with standarized charts of different authors
300 _a112 p.
942 _cTH
999 _c72200
_d72200